000 00434nam a2200181Ia 4500
001 13833
005 20260306164830.0
008 260306t2013||||xx |||||||||||||| ||spa||
041 _aESP
082 _a005.369
_bO73
100 _aOrtega Verdugo, Francisco Javier
_eAUT
245 0 _aExcel para las finanzas
260 _c2013
300 _a73 páginas :
_c29 cm.
650 _aGEN
654 _aCCC
942 _cLIB
_dJUS
_fJUS
_2ddc
_n
999 _c13833
_d13833